000 00310 a2200109 4500
001 ART_26201
005 20260410161936.0
008 260409a
245 1 0 _aLa energía y la teoría del crecimiento
100 1 _aDíaz, Darío Ezequiel
773 0 _tSaberEs
_g- Nº 2 (jun. 2010)
_wREV26089
999 _c29093
_d29093